Gründungsmitglied der Fußball Bundesliga? #7 - Statistiken

Allgemein
  • Dieses Quiz wurde 66 mal gespielt
  • Das Durchschnittsergebnis liegt bei 7 aus 8
Antwortstatistiken
Hint Antwort % Korrekt
SC Verl Nein
98%
Rot Weiss Ahlen Nein
98%
Hallescher FC Nein
96%
FC Carl Zeiss Jena Nein
96%
Würzburger Kickers Nein
96%
1. FC Heidenheim 1846 Nein
94%
SC Preußen 06 Münster Ja
78%
1. FC Saarbrücken Ja
73%
Keine übereinstimmenden Quizze gefunden
Verteilung der Resultate
Anzahl Personen mit jedem Resultat
Perzentil nach korrekt beantworteten Fragen
Ihre Resultats-Entwicklung
Sie haben dieses Quiz noch nicht gespielt